Ekonomika Ukrainy politicko-ekonomičeskij žurnal Ministerstva ekonomiki Ukrajiny, Ministerstva finansov Ukrajiny a Nacional'noj akademii nauk Ukrajiny

Gespeichert in:
Bibliographische Detailangaben
Format: Schriftenreihe
Sprache:Russisch
Veröffentlicht: Kijev Presa Ukrajini 1998
Schlagworte:
Tags: Tag hinzufügen
Keine Tags, Fügen Sie das erste Tag hinzu!

MARC

LEADER 00000nas2a2200000 4500
001 s122229
005 20231103122521.7
022 |a 0131-7741 
041 0 |a rus 
044 |a UA 
245 1 0 |a Ekonomika Ukrainy  |b politicko-ekonomičeskij žurnal Ministerstva ekonomiki Ukrajiny, Ministerstva finansov Ukrajiny a Nacional'noj akademii nauk Ukrajiny 
264 1 |a Kijev  |b Presa Ukrajini  |c 1998 
300 |a 2 zv. 
773 0 |w eu_un_cat*s120162 
610 2 0 |a rozvoj hospodársky 
610 2 0 |a politika hospodárska 
610 2 0 |a riadenie hospodárske 
610 2 0 |a plánovanie hospodárske